Mots en -us : Qu'est-ce que c'est ? - Statistiques

Statistiques générales
  • Ce quiz a été pris 128 fois
  • Le résultat moyen est 22 sur 30
Statistiques - réponses
Hint Réponse % Correct
Lieu universitaire Campus
93%
Degrés Celsius
92%
Société dans l'aviation Airbus
91%
Dernier arrêt Terminus
91%
Bonbons Dragibus
90%
Planète Uranus
90%
Adjacente sur hypoténuse Cosinus
88%
Ville française Fréjus
88%
Pays d'Europe Belarus
87%
Parcours d'études Cursus
87%
Pas moins Plus
87%
Vieux papier ou grand-père moscovite Papyrus
86%
Dinosaure Diplodocus
85%
Inconvénient Malus
84%
Contre Versus
84%
Trou Anus
81%
Humoriste Artus
80%
Marque d'ordinateur Asus
80%
Ca sort du nez Mucus
77%
Groupe de musique Superbus
74%
Empereur romain Titus
74%
Marque de parfum Invictus
67%
Vin bordelais Petrus
66%
Fleur Crocus
65%
Nuage Stratus
57%
X-Man Colossus
51%
Dictateur dans Hunger Games Coriolanus
38%
Pokémon Colimucus
35%
Bactérie Bifidus
26%
Personnage d'Astérix Coronavirus
25%
Aucun quiz correspondant
Distribution des résultats
% des personnes avec chaque résultat
Percentile par nombre de réponses
Votre historique - résultats
Vous n’avez pas pris ce quiz